The Photography of Scenery : Its Art and Technique at Home and Abroad (Record no. 593593)

MARC details
000 -LEADER
fixed length control field 00514nam a2200145Ia 4500
008 - FIXED-LENGTH DATA ELEMENTS--GENERAL INFORMATION
fixed length control field 100415s9999 xx 000 0 und d
082 ## - DEWEY DECIMAL CLASSIFICATION NUMBER
Item number 10667
Classification number 770
100 ## - MAIN ENTRY--PERSONAL NAME
Personal name Milner C Douglas
245 ## - TITLE STATEMENT
Title The Photography of Scenery : Its Art and Technique at Home and Abroad
260 ## - PUBLICATION, DISTRIBUTION, ETC. (IMPRINT)
Place of publication, distribution, etc LONDON
Date of publication, distribution, etc 1961
Name of publisher, distributor, etc THE FOCAL PRESS
365 ## - TRADE PRICE
Price amount 0
630 ## - SUBJECT ADDED ENTRY--UNIFORM TITLE
Uniform title The Photography of Scenery : Its Art and Technique at Home and Abroad
730 ## - ADDED ENTRY--UNIFORM TITLE
Uniform title The Photography of Scenery : Its Art and Technique at Home and Abroad
942 ## - ADDED ENTRY ELEMENTS (KOHA)
Koha item type Book
Holdings
Withdrawn status Lost status Damaged status Not for loan Home library Current library Date acquired Cost, normal purchase price Total Checkouts Full call number Barcode Date last seen Price effective from Koha item type
        Bombay Natural History Society Bombay Natural History Society 06/04/1998 0.00   770 10667 BNHS-10667 04/15/2010 04/15/2010 Book